MARC details
| 000 -LEADER |
| fixed length control field |
02501cab a2200349 4500 |
| 001 - CONTROL NUMBER |
| control field |
##L134366 |
| 008 - FIXED-LENGTH DATA ELEMENTS--GENERAL INFORMATION |
| fixed length control field |
060731n2006 000 0 eng u |
| 035 ## - SYSTEM CONTROL NUMBER |
| System control number |
(Sirsi) u134366 |
| 041 0# - LANGUAGE CODE |
| Language code of text/sound track or separate title |
eng |
| 245 00 - TITLE STATEMENT |
| Title |
Rasiah Pirabakaran v Navinchandra Manibhai Patel and another |
| 260 ## - PUBLICATION, DISTRIBUTION, ETC. |
| Date of publication, distribution, etc. |
2006 |
| 520 ## - SUMMARY, ETC. |
| Summary, etc. |
[2006] EWCA Civ 685, 26 May 2006. Concerns the interpretation of the phrase let as a dwelling in the Protection from Eviction Act 1977 s2. Appeal by PI against the decision that his lease of mixed premises - ground floor retail business and first floor residential - had been lawfully forfeited by PA. PI fell in arrears whereupon PA exercised their rights of re-entry in respect of the shop premises. PA issued a claim of possession of the residential premises, still lived in by PI, on the basis that the lease had become forfeit as a result of their re-entry of the shop premises. PI sought an injunction restraining PA from excluding him from either part of the premises contending that the purported lease forfeiture was unlawful under the Protection from Eviction Act 1977 s2. The judge found that the lease had lawfully been forfeited as the demised premises were not let as a dwelling and thus not constrained by s2 of the Act. "Held": appeal allowed. Let as a dwelling in s2 of the Act meant let wholly or partly as a dwelling and so applied to premises let for mixed business and residential premises. |
| 590 ## - LOCAL NOTE (RLIN) |
| Local note |
IKA010806 |
| 650 24 - SUBJECT ADDED ENTRY--TOPICAL TERM |
| Topical term or geographic name entry element |
PROTECTION FROM EVICTION ACT 1977 S2 |
| 650 24 - SUBJECT ADDED ENTRY--TOPICAL TERM |
| Topical term or geographic name entry element |
PROTECTION FROM EVICTION ACT 1977 S8 |
| 650 24 - SUBJECT ADDED ENTRY--TOPICAL TERM |
| Topical term or geographic name entry element |
PROTECTION FROM EVICTION ACT 1977 S3 |
| 650 24 - SUBJECT ADDED ENTRY--TOPICAL TERM |
| Topical term or geographic name entry element |
PIRABKARAN V PATEL AND ANOTHER |
| 650 24 - SUBJECT ADDED ENTRY--TOPICAL TERM |
| Topical term or geographic name entry element |
CONVENTION FOR THE PROTECTION OF HUMAN RIGHTS AND FUNDAMENTAL FREEDOMS ART 8 |
| 650 24 - SUBJECT ADDED ENTRY--TOPICAL TERM |
| Topical term or geographic name entry element |
HUMAN RIGHTS ACT 1998 S3 |
| 650 24 - SUBJECT ADDED ENTRY--TOPICAL TERM |
| Topical term or geographic name entry element |
KAY AND OTHERS V LAMBETH LBC AND ANOTHER |
| 650 24 - SUBJECT ADDED ENTRY--TOPICAL TERM |
| Topical term or geographic name entry element |
CONNORS V UNITED KINGDOM |
| 650 24 - SUBJECT ADDED ENTRY--TOPICAL TERM |
| Topical term or geographic name entry element |
NATIONAL TRUST V KNIPE |
| 650 24 - SUBJECT ADDED ENTRY--TOPICAL TERM |
| Topical term or geographic name entry element |
WELLCOME TRUST LTD V HAMAD |
| 650 24 - SUBJECT ADDED ENTRY--TOPICAL TERM |
| Topical term or geographic name entry element |
COMMONHOLD AND LEASEHOLD REFORM ACT 2002 S168 |
| 650 24 - SUBJECT ADDED ENTRY--TOPICAL TERM |
| Topical term or geographic name entry element |
COMMONHOLD AND LEASEHOLD REFORM ACT 2002 S167 |
| 650 24 - SUBJECT ADDED ENTRY--TOPICAL TERM |
| Topical term or geographic name entry element |
HOUSING ACT 1996 S81 |
| 650 24 - SUBJECT ADDED ENTRY--TOPICAL TERM |
| Topical term or geographic name entry element |
RENT ACT 1965 S31 |
| 651 #4 - SUBJECT ADDED ENTRY--GEOGRAPHIC NAME |
| Geographic name |
England and Wales |
| Chronological subdivision |
1543- |
| 690 ## - LOCAL SUBJECT ADDED ENTRY--TOPICAL TERM (OCLC, RLIN) |
| Topical term or geographic name as entry element |
PROPERTY-RESIDENTIAL PROPERTY-LEASEHOLD RESIDENTIAL PROPERTY-RESIDENTIAL LANDLORD AND TENANT-RESIDENTIAL TENANCIES-FORFEITURE OF RESIDENTIAL TENANCIES |
| 856 40 - ELECTRONIC LOCATION AND ACCESS |
| Uniform Resource Identifier |
<a href="https://www.bailii.org/ew/cases/EWCA/Civ/2006/685.html">https://www.bailii.org/ew/cases/EWCA/Civ/2006/685.html</a> |
| Public note |
View the judgment free of charge at www.bailii.org... |
| 942 ## - ADDED ENTRY ELEMENTS (KOHA) |
| Suppress in OPAC |
0 |